[Event "World Amateur-ch U1700"]
[Site "Muscat"]
[Date "2023.11.02"]
[Round "1.8"]
[White "Mugwanja, Nathaniel"]
[Black "Danzanjunai, Ganbat"]
[Result "0-1"]
[WhiteElo "1237"]
[BlackElo "1668"]
[PlyCount "110"]
[EventDate "2023.11.02"]
[EventType "swiss"]
[EventRounds "9"]
[EventCountry "OMN"]
[SourceTitle "CB46_2023"]
[SourceDate "2023.11.15"]
[SourceVersion "1"]
[SourceVersionDate "2023.11.15"]
[SourceQuality "1"]

1. e4 c6 2. d4 d5 3. exd5 cxd5 4. c4 Nf6 5. Nc3 g6 6. Nf3 Bg7 7. Be2 0-0 8. 0-0 a6 9. Qb3 dxc4 10. Bxc4 b5 11. Be2 Be6 12. Qc2 Nbd7 13. Be3 Rc8 14. a3 Nb6 15. Qd2 Nc4 16. Bxc4 Bxc4 17. Rfc1 Re8 18. Bh6 Bh8 19. h3 Nd7 20. Ne4 Qb6 21. Qf4 e5 22. Qh4 f5 23. Neg5 e4 24. Ne5 Nxe5 25. dxe5 Qb7 26. Rc2 Bxe5 27. Rac1 Bf6 28. Qg3 Rcd8 29. b3 Rd3 30. Qf4 Be5 31. Qh4 Bxb3 32. Rc5 Bd6 33. Ne6 Bxe6 34. Qf6 Qf7 35. Qxf7+ Bxf7 36. Rc6 Bxa3 37. Ra1 a5 38. Rb6 b4 39. Ra6 Bb2 40. R1xa5 Bg7 41. Bf4 b3 42. Rb6 b2 43. Rab5 Ba2 44. Rxb2 Bxb2 45. Rxb2 Bd5 46. Bh6 Kf7 47. Rc2 g5 48. Bxg5 Rg8 49. Rc7+ Ke6 50. Be3 f4 51. Bxf4 Rd1+ 52. Kh2 e3 53. Bg3 e2 54. Rxh7 e1Q 55. Rh6+ Kf7 0-1